Three immortals : (Record no. 134758)
[ view plain ]
| 000 -LEADER | |
|---|---|
| fixed length control field | 00545cam2a220019300 4500 |
| 001 - CONTROL NUMBER | |
| control field | tmp15582682 |
| 003 - CONTROL NUMBER IDENTIFIER | |
| control field | UPRA |
| 005 - DATE AND TIME OF LATEST TRANSACTION | |
| control field | 20190822121208.0 |
| 008 - FIXED-LENGTH DATA ELEMENTS--GENERAL INFORMATION | |
| fixed length control field | 950914s1953 nr eng u |
| 035 ## - SYSTEM CONTROL NUMBER | |
| System control number | (Sirsi) r52081 |
| 035 ## - SYSTEM CONTROL NUMBER | |
| System control number | (UPRA)tmp15582682 |
| 040 ## - CATALOGING SOURCE | |
| Transcribing agency | UPRA |
| 100 1# - MAIN ENTRY--PERSONAL NAME | |
| Personal name | Cameron, Norman Eustace. |
| Linkage | A10534.1 |
| 245 10 - TITLE STATEMENT | |
| Title | Three immortals : |
| Remainder of title | a collection of three plays. |
| 260 ## - PUBLICATION, DISTRIBUTION, ETC. | |
| Place of publication, distribution, etc. | Georgetown : |
| Name of publisher, distributor, etc. | F.A. Persick, |
| Date of publication, distribution, etc. | 1953. |
| 500 ## - GENERAL NOTE | |
| General note | Contains music. |
| 949 ## - LOCAL PROCESSING INFORMATION (OCLC) | |
| a | PR9320.9.C3 |
| w | lcc |
| i | -66091 |
| m | MAIN |
| t | BOOK |
| l | ON-SHELF |
No items available.